[Event "Dubrovnik Advent op"]
[Site "Dubrovnik"]
[Date "2023.12.03"]
[Round "6"]
[White "Javornik, Nik"]
[Black "Zivkovic, Mihovil"]
[Result "1-0"]
[WhiteElo "2120"]
[BlackElo "1699"]
[PlyCount "75"]
[EventDate "2023.12.01"]
[EventType "swiss"]
[EventRounds "6"]
[EventCountry "CRO"]
[SourceTitle "CB49_2023"]
[SourceDate "2023.12.06"]
[SourceVersion "1"]
[SourceVersionDate "2023.12.06"]
[SourceQuality "1"]

1. Nf3 d5 2. g3 Nf6 3. Bg2 e6 4. b3 b6 5. 0-0 Bb7 6. c4 c5 7. cxd5 exd5 8. d4 Bd6 9. Nc3 a6 10. Nh4 0-0 11. Nf5 Bc7 12. dxc5 bxc5 13. Nxd5 Bxd5 14. Bxd5 Nxd5 15. Qxd5 Qxd5 16. Ne7+ Kh8 17. Nxd5 Be5 18. Rb1 Nc6 19. Nb6 Rad8 20. Nc4 Bc7 21. e3 h6 22. Bb2 Rd3 23. Rfd1 Rfd8 24. Rxd3 Rxd3 25. Kf1 Nb4 26. Ke2 Rd8 27. a3 Nc6 28. Rc1 Rb8 29. Nd2 Bd6 30. b4 Be7 31. Ba1 Rb5 32. Ne4 cxb4 33. Rxc6 b3 34. Rxh6+ Kg8 35. Rxa6 b2 36. Bxb2 Rxb2+ 37. Kf3 f5 38. Nd6 1-0